2500 keywords to get you hired / (Record no. 995)
[ view plain ]
| 000 -LEADER | |
|---|---|
| fixed length control field | 00595nam a22002177a 4500 |
| 008 - FIXED-LENGTH DATA ELEMENTS--GENERAL INFORMATION | |
| fixed length control field | 150604b xxu||||| |||| 00| 0 eng d |
| 020 ## - INTERNATIONAL STANDARD BOOK NUMBER | |
| International Standard Book Number | 0071406735 |
| 041 0# - LANGUAGE CODE | |
| Language code of text/sound track or separate title | ENG |
| 080 ## - UNIVERSAL DECIMAL CLASSIFICATION NUMBER | |
| Universal Decimal Classification number | 331.104 |
| 100 ## - Rafti | |
| Rafti | Block, Jay A. |
| 245 10 - TITLE STATEMENT | |
| Title | 2500 keywords to get you hired / |
| Statement of responsibility, etc | Jay A. Block and Michael Betrus. |
| 260 ## - | |
| -- | New York : |
| -- | McGraw-Hill, |
| -- | c2003. |
| 300 ## - | |
| -- | 177 f |
| -- | 28 cm |
| 500 ## - | |
| -- | index |
| 650 #0 - | |
| -- | Résumés (Employment) |
| 650 #0 - | |
| -- | Keyword searching. |
| 650 #0 - | |
| -- | Job hunting. |
| 650 #0 - | |
| -- | Applications for positions. |
| 700 ## - | |
| -- | Betrus, Michael. |
| 942 ## - ADDED ENTRY ELEMENTS (KOHA) | |
| Source of classification or shelving scheme | |
| Item type | Books |
| Withdrawn status | Lost status | Source of classification or shelving scheme | Damaged status | Not for loan | Collection code | Permanent location | Current location | Shelving location | Date acquired | Total Checkouts | Full call number | Barcode | Date last seen | Price effective from | Koha item type |
|---|---|---|---|---|---|---|---|---|---|---|---|---|---|---|---|
| Koleksioni i përgjithshem | UBT - Lipjan | UBT - Lipjan | Koleksioni i përgjithshem | 10/01/2015 | 331.104 BLO | 002-008071 | 10/01/2015 | 10/01/2015 | Books | ||||||
| Koleksioni i përgjithshem | UBT - Lipjan | UBT - Lipjan | Koleksioni i përgjithshem | 10/01/2015 | 331.104 BLO | 002-008141 | 10/01/2015 | 10/01/2015 | Books | ||||||
| Koleksioni i përgjithshem | UBT - Lipjan | UBT - Lipjan | Koleksioni i përgjithshem | 10/01/2015 | 331.104 BLO | 002-008140 | 10/01/2015 | 10/01/2015 | Books | ||||||
| Koleksioni i përgjithshem | UBT - Lipjan | UBT - Lipjan | Koleksioni i përgjithshem | 10/01/2015 | 331.104 BLO | 002-008149 | 10/01/2015 | 10/01/2015 | Books | ||||||
| Koleksioni i përgjithshem | UBT - Lipjan | UBT - Lipjan | Koleksioni i përgjithshem | 10/01/2015 | 331.104 BLO | 002-008148 | 10/01/2015 | 10/01/2015 | Books |